000 00800nam a2200241Ia 4500
003 GCL
008 140319s9999 xx 000 0 ara d
040 _aGCL /
_cGCL
082 0 4 _a281.95691
_bد ق
100 1 _aديمترى رزق
245 1 0 _aقصة الاقباط فى الارض المقدسة /
_cديمترى رزق
300 _a244 ص
490 _aالهيئة العامة للاستعلامات
_v0
650 0 4 _aالاقباط
650 0 4 _aالمسيحيون
650 0 4 _aالكنائس الشرقية
650 0 4 _aالكنائس الارثوذكسية
650 0 4 _aالوطن العربى - تاريخ
650 0 4 _aالعصر الحديث - تاريخ
650 0 4 _aالكنائس - القدس
650 0 4 _aكنيسة القيامة (القدس)
942 _2ddc
_cBK
999 _c50404
_d50404